| 000 | 00451nam a2200181Ia 4500 | ||
|---|---|---|---|
| 001 | 2492 | ||
| 005 | 20260306144811.0 | ||
| 008 | 260306t2011||||xx |||||||||||||| ||spa|| | ||
| 041 | _aESP | ||
| 082 |
_a616.858 _bS38 |
||
| 100 |
_aSemerari, Antonio _eAUT |
||
| 245 | 0 |
_aLos trastornos de la personalidad: _bmodelos y tratamiento |
|
| 260 | _c2011 | ||
| 300 |
_a598 páginas : _c21 cm. |
||
| 650 | _aGEN | ||
| 654 | _aCPS | ||
| 942 |
_cLIB _dJUS _fJUS _2ddc _n |
||
| 999 |
_c2492 _d2492 |
||